[Event "Tenerife-chT Preferente"]
[Site "Tenerife"]
[Date "2023.04.15"]
[Round "10.4"]
[White "Perez Garcia, Saul"]
[Black "Garcia Rodriguez, Pedro Leopoldo"]
[Result "1-0"]
[WhiteElo "1844"]
[BlackElo "1812"]
[PlyCount "83"]
[EventDate "2023.01.14"]
[EventType "team-tourn"]
[EventRounds "14"]
[EventCountry "ESP"]
[SourceTitle "EXT 2024"]
[Source "ChessBase"]
[SourceDate "2023.10.10"]
[SourceVersion "1"]
[SourceVersionDate "2023.10.10"]
[SourceQuality "1"]
[WhiteTeam "Caissa Enroque"]
[BlackTeam "Rey Ahogado"]
[WhiteTeamCountry "ESP"]
[BlackTeamCountry "ESP"]

1. d4 Nf6 2. c4 c5 3. Nf3 g6 4. g3 cxd4 5. Nxd4 Bg7 6. Bg2 0-0 7. 0-0 Nc6 8. Nc3 a6 9. e4 Nxd4 10. Qxd4 d6 11. Qd3 Bd7 12. Bd2 b5 13. cxb5 axb5 14. Nxb5 Bxb5 15. Qxb5 Rb8 16. Qd3 Rxb2 17. Bc3 Rb8 18. a4 Qc7 19. Rfc1 Rfc8 20. Bd2 Qa7 21. Rxc8+ Rxc8 22. Be3 Qa5 23. Bd4 Qb4 24. Qa6 Qb8 25. a5 Nd7 26. Bxg7 Kxg7 27. Bh3 Rc7 28. Qe2 Nc5 29. e5 d5 30. e6 fxe6 31. Bxe6 Nxe6 32. Qxe6 Qd8 33. a6 Ra7 34. Rc1 Qd7 35. Qe5+ Kg8 36. Rb1 Rxa6 37. Rb8+ Kf7 38. Rh8 Rf6 39. Rxh7+ Kg8 40. Rxe7 Qd6 41. Qxd6 Rxd6 42. Kf1 1-0

[Event "Tenerife-chT Preferente"]
[Site "Tenerife"]
[Date "2022.02.12"]
[Round "3.3"]
[White "Diaz Reyes, Killian"]
[Black "Garcia Rodriguez, Pedro Leopoldo"]
[Result "1-0"]
[WhiteElo "1933"]
[BlackElo "1815"]
[PlyCount "35"]
[EventDate "2022.01.29"]
[EventType "team-tourn"]
[EventRounds "14"]
[EventCountry "ESP"]
[SourceTitle "EXT 2024"]
[Source "ChessBase"]
[SourceDate "2023.10.10"]
[SourceVersion "1"]
[SourceVersionDate "2023.10.10"]
[SourceQuality "1"]
[WhiteTeam "Fundacion La Caja de Canarias"]
[BlackTeam "Rey Ahogado"]
[WhiteTeamCountry "ESP"]
[BlackTeamCountry "ESP"]

1. e4 e6 2. d4 d5 3. Nd2 Nf6 4. e5 Nfd7 5. Bd3 c5 6. c3 Nc6 7. Ndf3 Qb6 8. a3 cxd4 9. cxd4 Nxd4 10. Nxd4 Qxd4 11. Nf3 Qb6 12. Qa4 Be7 13. Be3 Bc5 14. Bxc5 Qxc5 15. 0-0 h6 16. Rac1 Qb6 17. Bb5 a6 18. Rxc8+ 1-0

[Event "Tenerife-chT Preferente"]
[Site "Tenerife"]
[Date "2022.02.05"]
[Round "2.4"]
[White "Jorquera Fuentes, Hugo Samuel"]
[Black "Garcia Rodriguez, Pedro Leopoldo"]
[Result "0-1"]
[WhiteElo "1916"]
[BlackElo "1815"]
[PlyCount "87"]
[EventDate "2022.01.29"]
[EventType "team-tourn"]
[EventRounds "14"]
[EventCountry "ESP"]
[SourceTitle "EXT 2024"]
[Source "ChessBase"]
[SourceDate "2023.10.10"]
[SourceVersion "1"]
[SourceVersionDate "2023.10.10"]
[SourceQuality "1"]
[WhiteTeam "Al Shah Mat Los Realejos"]
[BlackTeam "Rey Ahogado"]
[WhiteTeamCountry "ESP"]
[BlackTeamCountry "ESP"]

1. e4 e6 2. d4 d5 3. Bd3 c5 4. exd5 exd5 5. Nf3 Nf6 6. 0-0 Be7 7. dxc5 Nc6 8. c3 Bg4 9. b4 0-0 10. Bf4 Ne4 11. h3 Bh5 12. Bxe4 dxe4 13. Qxd8 Raxd8 14. Ne5 Nxe5 15. Bxe5 Rfe8 16. Bd4 Bg5 17. g4 Bg6 18. Re1 f5 19. Na3 h5 20. Nc4 Bf4 21. Ne3 hxg4 22. hxg4 fxg4 23. Nxg4 Bh5 24. Be3 Bc7 25. Nh2 Re6 26. f4 exf3 27. Kf2 Rg6 28. Rg1 Bxh2 29. Rxg6 Bxg6 30. Kxf3 Be5 31. Rg1 Bf5 32. c4 Rd3 33. Re1 Bd4 34. Kf4 Rxe3 35. Rxe3 Bxe3+ 36. Kxe3 g5 37. b5 Bd7 38. a4 a5 39. Ke4 Kf7 40. c6 bxc6 41. bxc6 Bxc6+ 42. Kf5 Bxa4 43. Kxg5 Bb3 44. Kf4 0-1

[Event "Tenerife Norte Team Cup 2nd"]
[Site "Tenerife"]
[Date "2019.07.06"]
[Round "2.4"]
[White "Garcia Rodriguez, Pedro Leopoldo"]
[Black "Rodriguez Garcia, Joel I"]
[Result "1-0"]
[WhiteElo "1819"]
[BlackElo "1205"]
[PlyCount "49"]
[EventDate "2019.06.29"]
[EventType "team-tourn"]
[EventRounds "10"]
[EventCountry "ESP"]
[SourceTitle "EXT 2020"]
[Source "ChessBase"]
[SourceDate "2019.10.17"]
[SourceVersion "1"]
[SourceVersionDate "2019.10.17"]
[SourceQuality "1"]
[WhiteTeam "Rey Ahogado"]
[BlackTeam "Santa Ursula Badnor"]
[WhiteTeamCountry "ESP"]
[BlackTeamCountry "ESP"]

1. c4 e5 2. g3 Nf6 3. Nc3 c6 4. d4 Bd6 5. Nf3 Qe7 6. dxe5 Bxe5 7. Nxe5 Qxe5 8. Bf4 Qe6 9. Bg2 Qxc4 10. Bd6 Qe6 11. 0-0 h5 12. Qd4 Rh6 13. Rad1 Nd5 14. Bxd5 Qxd6 15. Bxf7+ Kxf7 16. Qxd6 Rxd6 17. Rxd6 Na6 18. Rfd1 Nc5 19. e4 b5 20. e5 b4 21. Ne2 Ne4 22. R6d4 Ng5 23. Rf4+ Ke6 24. Nd4+ Kxe5 25. Rf5+ 1-0

[Event "Tenerife Navidad op 27th"]
[Site "Tenerife"]
[Date "2016.12.26"]
[Round "6"]
[White "Garcia Rodriguez, Pedro Leopoldo"]
[Black "Mendez Acosta, Alexander Jesus"]
[Result "0-1"]
[WhiteElo "1826"]
[BlackElo "1870"]
[PlyCount "34"]
[EventDate "2016.12.19"]
[EventType "swiss"]
[EventRounds "9"]
[EventCountry "ESP"]
[SourceTitle "CBM 176 Extra"]
[Source "ChessBase"]
[SourceDate "2017.03.02"]
[SourceVersion "1"]
[SourceVersionDate "2017.03.02"]
[SourceQuality "1"]

1. c4 d6 2. g3 g6 3. Bg2 Bg7 4. Nc3 e5 5. d3 f5 6. e4 Nf6 7. Nge2 0-0 8. 0-0 c6 9. b3 Na6 10. h3 Nc5 11. b4 Ne6 12. Be3 f4 13. gxf4 exf4 14. Nxf4 Nxf4 15. Bxf4 Nxe4 16. Be3 Nxc3 17. Qd2 Qh4 0-1

[Event "Tenerife Navidad op 27th"]
[Site "Tenerife"]
[Date "2016.12.23"]
[Round "5"]
[White "Schneider Sanchez, Carlos Domingo"]
[Black "Garcia Rodriguez, Pedro Leopoldo"]
[Result "1/2-1/2"]
[WhiteElo "2049"]
[BlackElo "1826"]
[PlyCount "20"]
[EventDate "2016.12.19"]
[EventType "swiss"]
[EventRounds "9"]
[EventCountry "ESP"]
[SourceTitle "CBM 176 Extra"]
[Source "ChessBase"]
[SourceDate "2017.03.02"]
[SourceVersion "1"]
[SourceVersionDate "2017.03.02"]
[SourceQuality "1"]

1. Nf3 c5 2. c4 Nf6 3. g3 e6 4. Bg2 Nc6 5. 0-0 Be7 6. Nc3 0-0 7. d4 cxd4 8. Nxd4 a6 9. e4 Qc7 10. Nxc6 bxc6 1/2-1/2

[Event "Tenerife Navidad op 27th"]
[Site "Tenerife"]
[Date "2016.12.21"]
[Round "3"]
[White "Bernardez Gonzalez, Roberto"]
[Black "Garcia Rodriguez, Pedro Leopoldo"]
[Result "0-1"]
[WhiteElo "1611"]
[BlackElo "1826"]
[PlyCount "100"]
[EventDate "2016.12.19"]
[EventType "swiss"]
[EventRounds "9"]
[EventCountry "ESP"]
[SourceTitle "CBM 176 Extra"]
[Source "ChessBase"]
[SourceDate "2017.03.02"]
[SourceVersion "1"]
[SourceVersionDate "2017.03.02"]
[SourceQuality "1"]

1. e4 e6 2. d3 d5 3. Qe2 Ne7 4. Nf3 g6 5. g3 Bg7 6. c3 0-0 7. Bg2 c5 8. 0-0 Nbc6 9. e5 b6 10. Bf4 Ba6 11. Re1 h6 12. h4 b5 13. Nbd2 Nf5 14. Nf1 b4 15. Ne3 bxc3 16. bxc3 Nxe3 17. Qxe3 d4 18. cxd4 cxd4 19. Qd2 Kh7 20. Nh2 Rc8 21. Ng4 Qa5 22. Qxa5 Nxa5 23. Bd2 Nb7 24. Rac1 Nc5 25. Rxc5 Rxc5 26. Bb4 Rc2 27. Bxf8 Bxf8 28. Re4 Bc5 29. Nf6+ Kg7 30. Nd7 Bxd3 31. Rf4 Rc1+ 32. Kh2 Bb1 33. Nxc5 Rxc5 34. Rxd4 Bxa2 35. Ra4 Bd5 36. Bxd5 Rxd5 37. f4 a5 38. Kg2 f6 39. exf6+ Kxf6 40. Ra3 h5 41. Kf3 Kf5 42. Ke3 Kg4 43. Ke4 Rb5 44. Kd4 a4 45. Rxa4 Kxg3 46. Ra6 Rb4+ 47. Ke3 Rxf4 48. Rxe6 Rg4 49. Rf6 Kxh4 50. Rf3 Rg3 0-1

[Event "Tenerife-chT Preferente 1516"]
[Site "Tenerife"]
[Date "2016.01.23"]
[Round "5.4"]
[White "Garcia Rodriguez, Pedro Leopoldo"]
[Black "Rodriguez Redondo, Adhara"]
[Result "0-1"]
[WhiteElo "1854"]
[BlackElo "1675"]
[PlyCount "56"]
[EventDate "2015.12.12"]
[EventType "team-tourn"]
[EventRounds "14"]
[EventCountry "ESP"]
[SourceTitle "CBM 170 Extra"]
[Source "ChessBase"]
[SourceDate "2016.02.25"]
[SourceVersion "1"]
[SourceVersionDate "2016.02.25"]
[SourceQuality "1"]
[WhiteTeam "Rey Ahogado"]
[BlackTeam "Cajacanarias"]
[WhiteTeamCountry "ESP"]
[BlackTeamCountry "ESP"]

1. c4 e6 2. g3 d5 3. Bg2 Nf6 4. Nf3 Be7 5. 0-0 0-0 6. d4 Nbd7 7. Nc3 c6 8. b3 Re8 9. e3 b6 10. Bb2 Bb7 11. Qe2 Rc8 12. Rfd1 Qc7 13. Rac1 Qb8 14. a3 Qa8 15. cxd5 cxd5 16. b4 Ne4 17. Rc2 Ndf6 18. Rdc1 Nxc3 19. Bxc3 a5 20. Ne5 Ne4 21. Qh5 g6 22. Qf3 Bf6 23. Nd7 Bd8 24. b5 Re7 25. Ne5 Rec7 26. h4 Bf6 27. h5 Bxe5 28. dxe5 Rxc3 0-1

[Event "Tenerife Autumn op"]
[Site "Tenerife"]
[Date "2015.10.26"]
[Round "7"]
[White "Garcia Rodriguez, Pedro Leopoldo"]
[Black "Martin Ortega, Oscar"]
[Result "1/2-1/2"]
[WhiteElo "1873"]
[BlackElo "1894"]
[PlyCount "120"]
[EventDate "2015.10.14"]
[EventType "swiss"]
[EventRounds "9"]
[EventCountry "ESP"]
[SourceTitle "CBM 169 Extra"]
[Source "ChessBase"]
[SourceDate "2015.12.18"]
[SourceVersion "1"]
[SourceVersionDate "2015.12.18"]
[SourceQuality "1"]

1. c4 c5 2. Nf3 g6 3. d4 Bg7 4. Nc3 Nf6 5. e4 cxd4 6. Nxd4 d6 7. Be2 0-0 8. Be3 Bd7 9. 0-0 Nc6 10. f3 Rc8 11. Qd2 a6 12. Rfd1 Nxd4 13. Bxd4 Bc6 14. Rac1 Nd7 15. b3 Bxd4+ 16. Qxd4 Qa5 17. Qd2 Qc5+ 18. Kh1 Qe5 19. f4 Qg7 20. Nd5 f5 21. exf5 gxf5 22. Rc3 Kh8 23. Rg3 Qf7 24. Rg5 Bxd5 25. Qxd5 Qxd5 26. Rxd5 Rc5 27. Bf3 h6 28. Rg6 Kh7 29. Re6 Rf7 30. Rd1 Rc7 31. Rde1 Nc5 32. R6e3 a5 33. a3 b6 34. Bd5 Rg7 35. b4 axb4 36. axb4 Na6 37. Rb1 Rd7 38. Be6 Rc7 39. Bxf5+ Kg8 40. Be6+ Kh7 41. Rh3 Kg6 42. f5+ Kh7 43. Ra3 Nb8 44. Ra8 Nc6 45. Ra6 Nd4 46. Bd5 b5 47. Be4 Rf7 48. f6+ Kg8 49. Ra8+ Rf8 50. Bh7+ Kf7 51. Rxf8+ Kxf8 52. fxe7+ Kxe7 53. cxb5 Nxb5 54. Bd3 Rb7 55. h4 Kf6 56. g4 Ke5 57. Kg2 Kd4 58. Be2 Nc3 59. Rb2 Nxe2 60. Rxe2 Rxb4 1/2-1/2

[Event "Tenerife Verano op"]
[Site "Tenerife"]
[Date "2015.08.21"]
[Round "6"]
[White "Garcia Rodriguez, Pedro Leopoldo"]
[Black "Rodriguez Redondo, Adhara"]
[Result "1-0"]
[WhiteElo "1888"]
[BlackElo "1617"]
[PlyCount "41"]
[EventDate "2015.08.10"]
[EventType "swiss"]
[EventRounds "9"]
[EventCountry "ESP"]
[SourceTitle "EXT 2016"]
[Source "ChessBase"]
[SourceDate "2015.10.08"]
[SourceVersion "1"]
[SourceVersionDate "2015.10.08"]
[SourceQuality "1"]

1. c4 e6 2. Nf3 Nf6 3. g3 Be7 4. Bg2 0-0 5. 0-0 d5 6. d4 Nbd7 7. Nc3 c6 8. b3 b6 9. Ne5 Bb7 10. Bb2 c5 11. e3 Rc8 12. Qe2 Qc7 13. cxd5 Nxd5 14. Nb5 Ba6 15. Nxc7 Bxe2 16. Nxd5 exd5 17. Nxd7 Bxf1 18. Kxf1 Rfd8 19. Ne5 cxd4 20. Bxd4 Rc2 21. Nd3 1-0

[Event "Santa Cruz de Tenerife op 25th"]
[Site "Santa Cruz de Tenerife"]
[Date "2014.12.15"]
[Round "1"]
[White "Garcia Rodriguez, Pedro Leopoldo"]
[Black "Garcia Lorenzo, Jaime"]
[Result "1-0"]
[WhiteElo "1911"]
[BlackElo "1263"]
[PlyCount "53"]
[EventDate "2014.12.15"]
[EventType "swiss"]
[EventRounds "9"]
[EventCountry "ESP"]
[SourceTitle "CBM 164 Extra"]
[Source "ChessBase"]
[SourceDate "2015.03.02"]
[SourceVersion "1"]
[SourceVersionDate "2015.03.02"]
[SourceQuality "1"]

1. c4 c5 2. Nf3 Nc6 3. d4 e6 4. d5 exd5 5. cxd5 Na5 6. Nc3 Nf6 7. e4 a6 8. e5 Ng4 9. h3 Nh6 10. d6 f6 11. Nd5 Nf7 12. Nc7+ Qxc7 13. dxc7 Nc6 14. exf6 gxf6 15. Bc4 Nfe5 16. Nxe5 Nxe5 17. Qh5+ Ke7 18. Bf4 Nxc4 19. Qxc5+ d6 20. Qxc4 Be6 21. Qb4 Kf7 22. 0-0 b5 23. Bxd6 Bh6 24. Rfe1 Rae8 25. Qh4 Bg5 26. Qh5+ Kg7 27. c8Q 1-0

[Event "Santa Cruz de Tenerife Autumn op"]
[Site "Santa Cruz de Tenerife"]
[Date "2014.11.10"]
[Round "7"]
[White "Garcia Rodriguez, Pedro Leopoldo"]
[Black "Diaz Reyes, Franklin"]
[Result "1-0"]
[WhiteElo "1927"]
[BlackElo "1299"]
[PlyCount "84"]
[EventDate "2014.10.27"]
[EventType "swiss"]
[EventRounds "9"]
[EventCountry "ESP"]
[SourceTitle "CBM 163 Extra"]
[Source "ChessBase"]
[SourceDate "2014.12.23"]
[SourceVersion "1"]
[SourceVersionDate "2014.12.23"]
[SourceQuality "1"]

1. c4 e5 2. Nc3 Nf6 3. Nf3 Nc6 4. g3 d5 5. cxd5 Nxd5 6. Bg2 Nb6 7. 0-0 Be7 8. a3 a5 9. d3 0-0 10. b3 Be6 11. Rb1 f6 12. Nd2 Bf7 13. Nc4 Nxc4 14. bxc4 Rb8 15. Rb5 Qd7 16. Nd5 b6 17. e3 Na7 18. Rb1 Rfd8 19. Qc2 c6 20. Nxe7+ Qxe7 21. a4 Bg6 22. Rd1 e4 23. d4 c5 24. d5 f5 25. Bb2 Be8 26. Ra1 Rbc8 27. Qc3 Bh5 28. Rd2 Rc7 29. Bh3 Bg4 30. Bxg4 fxg4 31. Qe5 Qxe5 32. Bxe5 Re7 33. Bf4 Nc8 34. Rb1 Nd6 35. Bxd6 Rxd6 36. Rdb2 Rb7 37. Rb5 Kf7 38. Rxc5 bxc5 39. Rxb7+ Kf8 40. Rb5 Ke7 41. Rxc5 Rb6 42. Rxa5 Rd6 1-0

[Event "Santa Cruz de Tenerife Verano op"]
[Site "Santa Cruz de Tenerife"]
[Date "2014.08.27"]
[Round "2"]
[White "Lestao Balseiro, Adrian"]
[Black "Garcia Rodriguez, Pedro Leopoldo"]
[Result "1-0"]
[WhiteElo "2233"]
[BlackElo "1930"]
[PlyCount "46"]
[EventDate "2014.08.25"]
[EventType "swiss"]
[EventRounds "9"]
[EventCountry "ESP"]
[SourceTitle "CBM 162 Extra"]
[Source "ChessBase"]
[SourceDate "2014.10.17"]
[SourceVersion "1"]
[SourceVersionDate "2014.10.17"]
[SourceQuality "1"]

1. e4 e6 2. d4 d5 3. Nc3 Nf6 4. Bg5 Be7 5. e5 Nfd7 6. h4 h6 7. Be3 c5 8. Qg4 Kf8 9. Nge2 cxd4 10. Bxd4 Nc6 11. f4 h5 12. Qf3 b5 13. 0-0-0 Rb8 14. f5 Ndxe5 15. Qg3 Bd6 16. fxe6 Bxe6 17. Nf4 Nxd4 18. Rxd4 Nc6 19. Rd1 Bg4 20. Rd2 Rb7 21. Qf2 Rh6 22. g3 d4 23. Ne4 Qxh4 1-0

[Event "Tenerife op 21st"]
[Site "Tenerife"]
[Date "2010.12.29"]
[Round "9"]
[White "Garcia Rodriguez, Pedro Leopoldo"]
[Black "Darias Darias, Luis"]
[Result "1/2-1/2"]
[WhiteElo "1945"]
[BlackElo "1877"]
[PlyCount "101"]
[EventDate "2010.12.16"]
[EventType "swiss"]
[EventRounds "9"]
[EventCountry "ESP"]
[SourceTitle "CBM 140 Extra"]
[Source "ChessBase"]
[SourceDate "2011.03.01"]
[SourceVersion "1"]
[SourceVersionDate "2011.03.01"]
[SourceQuality "1"]

1. c4 Nf6 2. Nf3 e6 3. Nc3 c5 4. d4 cxd4 5. Nxd4 d6 6. e4 Be7 7. Be2 0-0 8. 0-0 Nc6 9. Be3 a6 10. f3 Bd7 11. Qd2 Qc7 12. Rac1 Qb8 13. Nxc6 Bxc6 14. Rfd1 Re8 15. a4 Nd7 16. b4 b6 17. Bf1 a5 18. b5 Bb7 19. f4 Nc5 20. Bxc5 dxc5 21. g3 Rd8 22. Qe2 Qc7 23. Bg2 Rd4 24. Qf1 Rad8 25. Ne2 Rd3 26. Rxd3 Rxd3 27. Nc3 Rd4 28. Qe2 Qd7 29. Rd1 g6 30. Kf2 Kg7 31. Ke1 f5 32. e5 Rxd1+ 33. Nxd1 Kf7 34. Bxb7 Qxb7 35. Kf2 Qh1 36. Ke3 g5 37. Qh5+ Kg7 38. fxg5 Qe4+ 39. Kf2 Qxe5 40. h4 f4 41. Qf3 Qd4+ 42. Kg2 e5 43. gxf4 exf4 44. Qc3 Kg6 45. Qxd4 cxd4 46. Kf3 Kf5 47. Nf2 Bc5 48. Nd3 Bd6 49. Nf2 Bb4 50. Nd3 Bd6 51. Nf2 1/2-1/2

[Event "Tenerife op 21st"]
[Site "Tenerife"]
[Date "2010.12.21"]
[Round "4"]
[White "Perez Celis, Alba"]
[Black "Garcia Rodriguez, Pedro Leopoldo"]
[Result "1/2-1/2"]
[WhiteElo "1819"]
[BlackElo "1945"]
[PlyCount "46"]
[EventDate "2010.12.16"]
[EventType "swiss"]
[EventRounds "9"]
[EventCountry "ESP"]
[SourceTitle "CBM 140 Extra"]
[Source "ChessBase"]
[SourceDate "2011.03.01"]
[SourceVersion "1"]
[SourceVersionDate "2011.03.01"]
[SourceQuality "1"]

1. e4 e6 2. d4 d5 3. Nd2 Nf6 4. e5 Nfd7 5. Bd3 c5 6. c3 Nc6 7. Ne2 Qb6 8. Nf3 Be7 9. 0-0 f5 10. Nf4 Nf8 11. Nh5 Rg8 12. dxc5 Qc7 13. b4 Nxe5 14. Nxe5 Qxe5 15. Qb3 g6 16. Ng3 Qg7 17. Re1 Bd7 18. Bf4 Bf6 19. Qxd5 0-0-0 20. Qd6 Bc6 21. Qb8+ Kd7 22. Qd6+ Kc8 23. Qb8+ Kd7 1/2-1/2

[Event "Tenerife op 21st"]
[Site "Tenerife"]
[Date "2010.12.20"]
[Round "3"]
[White "Garcia Rodriguez, Pedro Leopoldo"]
[Black "Silvan Pages, Jose"]
[Result "1-0"]
[WhiteElo "1945"]
[BlackElo "1566"]
[PlyCount "61"]
[EventDate "2010.12.16"]
[EventType "swiss"]
[EventRounds "9"]
[EventCountry "ESP"]
[SourceTitle "CBM 140 Extra"]
[Source "ChessBase"]
[SourceDate "2011.03.01"]
[SourceVersion "1"]
[SourceVersionDate "2011.03.01"]
[SourceQuality "1"]

1. c4 e6 2. Nc3 c6 3. e4 Bd6 4. d4 Be7 5. Nf3 d6 6. Bd3 Nf6 7. 0-0 0-0 8. Qe2 Nbd7 9. e5 dxe5 10. dxe5 Nh5 11. g4 Nhf6 12. exf6 Bxf6 13. Ne4 g6 14. Nxf6+ Qxf6 15. Bg5 Qg7 16. Bf4 Re8 17. Rfe1 f6 18. g5 e5 19. gxf6 Qxf6 20. Bg5 Qe6 21. Nd2 Nf6 22. Ne4 Nh5 23. c5 Kg7 24. Bc4 Qg4+ 25. Qxg4 Bxg4 26. Nd6 h6 27. Nxe8+ Rxe8 28. Bd2 g5 29. Be2 Nf6 30. Bxg4 Nxg4 31. Bc3 1-0

[Event "Tenerife op 21st"]
[Site "Tenerife"]
[Date "2010.12.17"]
[Round "2"]
[White "Mingorance Torres, Francisco"]
[Black "Garcia Rodriguez, Pedro Leopoldo"]
[Result "1-0"]
[WhiteElo "1771"]
[BlackElo "1945"]
[PlyCount "47"]
[EventDate "2010.12.16"]
[EventType "swiss"]
[EventRounds "9"]
[EventCountry "ESP"]
[SourceTitle "CBM 140 Extra"]
[Source "ChessBase"]
[SourceDate "2011.03.01"]
[SourceVersion "1"]
[SourceVersionDate "2011.03.01"]
[SourceQuality "1"]

1. d4 Nf6 2. c4 c5 3. d5 g6 4. Nc3 Bg7 5. e4 d6 6. Nf3 0-0 7. Be2 Bg4 8. Nd2 Bxe2 9. Qxe2 e6 10. 0-0 exd5 11. cxd5 Re8 12. Re1 a6 13. a4 b6 14. Nc4 Ra7 15. Bf4 Rd7 16. Qc2 Nh5 17. Bd2 Bd4 18. Ne2 Bg7 19. Qb3 Rxe4 20. Nc3 Ree7 21. Qxb6 Qxb6 22. Nxb6 Rb7 23. a5 Nd7 24. Rxe7 1-0

[Event "Tenerife op 21st"]
[Site "Tenerife"]
[Date "2010.12.16"]
[Round "1"]
[White "Garcia Rodriguez, Pedro Leopoldo"]
[Black "Garcia Lorenzo, Jaime"]
[Result "1-0"]
[WhiteElo "1945"]
[BlackElo "1319"]
[PlyCount "41"]
[EventDate "2010.12.16"]
[EventType "swiss"]
[EventRounds "9"]
[EventCountry "ESP"]
[SourceTitle "CBM 140 Extra"]
[Source "ChessBase"]
[SourceDate "2011.03.01"]
[SourceVersion "1"]
[SourceVersionDate "2011.03.01"]
[SourceQuality "1"]

1. c4 c6 2. d4 d5 3. Nc3 Nf6 4. Nf3 Nbd7 5. e3 e6 6. Bd3 h6 7. 0-0 Bd6 8. Qc2 Nf8 9. Ne5 Bxe5 10. dxe5 dxc4 11. Bxc4 N6d7 12. Ne4 Nxe5 13. Rd1 Bd7 14. Nd6+ Ke7 15. b3 Qc7 16. Bb2 f6 17. Rd2 c5 18. Bxe5 fxe5 19. Qe4 Rb8 20. Qxe5 Rd8 21. Qxg7# 1-0

[Event "Santa Cruz Cup-chT"]
[Site "Santa Cruz"]
[Date "2010.05.27"]
[Round "2"]
[White "Garcia Rodriguez, Pedro Leopoldo"]
[Black "Perez Aleman, Pedro Tomas"]
[Result "0-1"]
[WhiteElo "1952"]
[BlackElo "2120"]
[PlyCount "64"]
[EventDate "2010.05.26"]
[EventType "team"]
[EventRounds "7"]
[EventCountry "ESP"]
[SourceTitle "CBM 136 Extra"]
[Source "ChessBase"]
[SourceDate "2010.07.02"]
[SourceVersion "2"]
[SourceVersionDate "2010.07.15"]
[SourceQuality "1"]
[WhiteTeam "Ebano Casa Venezuela"]
[BlackTeam "Lanzarote La Democracia"]
[WhiteTeamCountry "ESP"]
[BlackTeamCountry "ESP"]

1. c4 Nf6 2. Nc3 d6 3. d4 e5 4. Nf3 e4 5. Nd2 Qe7 6. e3 g6 7. Be2 Bg7 8. 0-0 c5 9. f3 exf3 10. Nxf3 0-0 11. Bd3 Nc6 12. a3 Bg4 13. Nd5 Qd8 14. h3 Bxf3 15. Qxf3 Nd7 16. b4 cxd4 17. Bb2 Nce5 18. Qe2 Nxd3 19. Qxd3 Ne5 20. Qe2 dxe3 21. Rad1 Kh8 22. Nxe3 Qc7 23. Rd5 a5 24. c5 dxc5 25. Rxc5 Qb8 26. Nd5 axb4 27. Nc7 Qa7 28. axb4 Nd7 29. Bxg7+ Kxg7 30. Nxa8 Nxc5 31. Qe5+ f6 32. Qc7+ Nd7+ 0-1

[Event "La Laguna op 4th"]
[Site "La Laguna"]
[Date "2010.04.07"]
[Round "4"]
[White "Garcia Rodriguez, Pedro Leopoldo"]
[Black "Cabrera Hernandez, Saul"]
[Result "1-0"]
[WhiteElo "1959"]
[BlackElo "1672"]
[PlyCount "68"]
[EventDate "2010.04.05"]
[EventType "swiss"]
[EventRounds "9"]
[EventCountry "ESP"]
[SourceTitle "CBM 135 Extra"]
[Source "ChessBase"]
[SourceDate "2010.05.04"]
[SourceVersion "1"]
[SourceVersionDate "2010.05.04"]
[SourceQuality "1"]

1. c4 Nf6 2. Nc3 g6 3. e4 d6 4. d4 Bg7 5. Be2 0-0 6. Nf3 c5 7. d5 Na6 8. 0-0 Nc7 9. a4 Na6 10. Ne1 Nb4 11. f4 a6 12. Be3 Qc7 13. h3 Rb8 14. Nd3 Bd7 15. a5 b5 16. axb6 Rxb6 17. e5 Ne8 18. Nxb4 Rxb4 19. Qd2 Qb7 20. Ra2 Nc7 21. Ne4 Qb6 22. g4 Rb8 23. Rb1 Ba4 24. Qc1 Bf8 25. Bd2 Bb3 26. Ra3 Ra4 27. Rxa4 Bxa4 28. Bc3 Bb3 29. Bd3 a5 30. Qe3 Ra8 31. h4 Na6 32. exd6 exd6 33. Nf6+ Kh8 34. Nd7+ Bg7 1-0

[Event "La Laguna op 4th"]
[Site "La Laguna"]
[Date "2010.04.06"]
[Round "2"]
[White "Clemente Llamero, Roberto"]
[Black "Garcia Rodriguez, Pedro Leopoldo"]
[Result "1-0"]
[WhiteElo "2175"]
[BlackElo "1959"]
[PlyCount "64"]
[EventDate "2010.04.05"]
[EventType "swiss"]
[EventRounds "9"]
[EventCountry "ESP"]
[SourceTitle "CBM 135 Extra"]
[Source "ChessBase"]
[SourceDate "2010.05.04"]
[SourceVersion "1"]
[SourceVersionDate "2010.05.04"]
[SourceQuality "1"]

1. e4 e6 2. d3 d5 3. Nd2 Nf6 4. Ngf3 c5 5. g3 Nc6 6. Bg2 Be7 7. 0-0 0-0 8. Re1 b6 9. e5 Nd7 10. Nf1 f6 11. exf6 Nxf6 12. c4 Bd6 13. Ng5 Nd4 14. Be3 Nf5 15. Bd2 Re8 16. Bc3 h6 17. Nh3 Bb7 18. Nf4 Bxf4 19. gxf4 Rc8 20. Be5 Rf8 21. Ng3 Qd7 22. Nxf5 exf5 23. Qf3 Rcd8 24. Bxf6 Rxf6 25. Re5 Rd6 26. Rae1 Kf8 27. Qh5 Rf6 28. Bxd5 Bxd5 29. Rxd5 Rd6 30. Rxd6 Qxd6 31. Qxf5+ Kg8 32. Re6 Qxd3 1-0

[Event "La Laguna op 3rd"]
[Site "La Laguna"]
[Date "2009.05.06"]
[Round "3"]
[White "Garcia Rodriguez, Pedro Leopoldo"]
[Black "Aleman Alamo, Nicolas"]
[Result "1-0"]
[WhiteElo "1842"]
[BlackElo "1723"]
[PlyCount "63"]
[EventDate "2009.05.04"]
[EventType "swiss"]
[EventRounds "9"]
[EventCountry "ESP"]
[SourceTitle "CBM 130 Extra"]
[Source "ChessBase"]
[SourceDate "2009.07.02"]
[SourceVersion "2"]
[SourceVersionDate "2009.07.15"]
[SourceQuality "1"]

1. c4 Nf6 2. Nf3 e6 3. d4 b6 4. Nc3 Bb7 5. e3 Be7 6. Bd3 0-0 7. 0-0 d6 8. b3 Nbd7 9. Bb2 c5 10. Qe2 cxd4 11. exd4 d5 12. Ne5 a6 13. f4 Nxe5 14. fxe5 Nd7 15. cxd5 exd5 16. Rf3 h6 17. Raf1 b5 18. Bb1 b4 19. Qd3 g6 20. Ne2 a5 21. Rxf7 Ra6 22. Rxf8+ Nxf8 23. Bc1 Kg7 24. Nf4 Qe8 25. Nxd5 Rc6 26. Nxe7 Qxe7 27. d5 Rc3 28. Qd4 Ba6 29. e6+ Kg8 30. Re1 Qc5 31. Qxc5 Rxc5 32. e7 1-0